<?xml version="1.0" encoding="UTF-8"?><?xml-stylesheet type="text/xsl" href="static/style.xsl"?><OAI-PMH xmlns="http://www.openarchives.org/OAI/2.0/" xmlns:xsi="http://www.w3.org/2001/XMLSchema-instance" xsi:schemaLocation="http://www.openarchives.org/OAI/2.0/ http://www.openarchives.org/OAI/2.0/OAI-PMH.xsd"><responseDate>2026-04-17T14:14:18Z</responseDate><request verb="GetRecord" identifier="oai:www.recercat.cat:20.500.14342/1909" metadataPrefix="marc">https://recercat.cat/oai/request</request><GetRecord><record><header><identifier>oai:recercat.cat:20.500.14342/1909</identifier><datestamp>2025-03-11T20:21:58Z</datestamp><setSpec>com_2072_482405</setSpec><setSpec>com_2072_183628</setSpec><setSpec>col_2072_482411</setSpec></header><metadata><record xmlns="http://www.loc.gov/MARC21/slim" xmlns:dcterms="http://purl.org/dc/terms/" xmlns:xsi="http://www.w3.org/2001/XMLSchema-instance" xmlns:doc="http://www.lyncode.com/xoai" xsi:schemaLocation="http://www.loc.gov/MARC21/slim http://www.loc.gov/standards/marcxml/schema/MARC21slim.xsd">
   <leader>00925njm 22002777a 4500</leader>
   <datafield ind2=" " ind1=" " tag="042">
      <subfield code="a">dc</subfield>
   </datafield>
   <datafield ind2=" " ind1=" " tag="720">
      <subfield code="a">Berga i Timoneda, Anna</subfield>
      <subfield code="e">author</subfield>
   </datafield>
   <datafield ind2=" " ind1=" " tag="260">
      <subfield code="c">2007-05</subfield>
   </datafield>
   <datafield ind2=" " ind1=" " tag="520">
      <subfield code="a">Els professors universitaris ens trobem avui en dia amb situacions a les aules que ens generen un profund desconcert, i que responen a alguns símptomes del que s’ha anomenat la secundarització de la universitat. Aquesta situació ha provocat alguns crits d’alarma motivada, entre d’altres coses, pels dèficits en la formació dels estudiants que ens arriben -fet que dificulta mantenir els estandards de qualitat i que preocupa per la tendència a la rebaixa en els nivells acadèmics-, així com per les mostres d’una infantilització dels estudiants universitaris i pels diferents llenguatges entre professor i alumne que generen dificultats comunicatives importants. Hi ha moltes mostres d’aquestes dificultats actuals, del que podríem anomenar el desconcert de la universitat davant el canvi en el perfil de l’alumnat, que dia a dia ens ocupa en les reunions de claustre, en les avaluacions de curs, etc. Sense ànim d’exhaustivitat, i amb la pretensió de fer el que podríem anomenar una crònica impressionista d’una alarma, voldria dedicar aquest article a destacar-ne alguns exemples.</subfield>
   </datafield>
   <datafield ind1="8" ind2=" " tag="024">
      <subfield code="a">http://hdl.handle.net/20.500.14342/1909</subfield>
   </datafield>
   <datafield tag="653" ind2=" " ind1=" ">
      <subfield code="a">Estudiants universitaris</subfield>
   </datafield>
   <datafield tag="653" ind2=" " ind1=" ">
      <subfield code="a">Joves -- Actituds</subfield>
   </datafield>
   <datafield tag="653" ind2=" " ind1=" ">
      <subfield code="a">Joves -- Esbarjo</subfield>
   </datafield>
   <datafield ind2="0" ind1="0" tag="245">
      <subfield code="a">Joves enrotllats i alumnes modèlics: dos papers incompatibles?</subfield>
   </datafield>
</record></metadata></record></GetRecord></OAI-PMH>